[Event "AUS-ch Major"]
[Site "Cammeray"]
[Date "2011.01.12"]
[Round "10"]
[White "Chen, Vincent"]
[Black "Buciu, Aurel John"]
[Result "1/2-1/2"]
[WhiteElo "1882"]
[BlackElo "1714"]
[PlyCount "42"]
[EventDate "2011.01.02"]
[EventType "swiss"]
[EventRounds "11"]
[EventCountry "AUS"]
[SourceTitle "CBM 140 Extra"]
[Source "ChessBase"]
[SourceDate "2011.03.01"]
[SourceVersion "1"]
[SourceVersionDate "2011.03.01"]
[SourceQuality "1"]

1. e4 e5 2. Nf3 Nf6 3. Nxe5 d6 4. Nf3 Nxe4 5. Nc3 Nf6 6. d4 d5 7. Be2 Be7 8. 0-0 0-0 9. Bf4 c6 10. Re1 h6 11. h3 Bf5 12. Bd3 Bxd3 13. Qxd3 Re8 14. Re2 Nbd7 15. Rae1 Bb4 16. Rxe8+ Nxe8 17. a3 Bxc3 18. Qxc3 Nef6 19. Qe3 Qf8 20. Qe7 Qxe7 21. Rxe7 Re8 1/2-1/2

[Event "AUS-ch Major"]
[Site "Cammeray"]
[Date "2011.01.10"]
[Round "8"]
[White "Chen, Vincent"]
[Black "Reynolds, Paul J"]
[Result "1-0"]
[WhiteElo "1882"]
[BlackElo "1784"]
[PlyCount "68"]
[EventDate "2011.01.02"]
[EventType "swiss"]
[EventRounds "11"]
[EventCountry "AUS"]
[SourceTitle "CBM 140 Extra"]
[Source "ChessBase"]
[SourceDate "2011.03.01"]
[SourceVersion "1"]
[SourceVersionDate "2011.03.01"]
[SourceQuality "1"]

1. e4 c5 2. c3 Nf6 3. e5 Nd5 4. d4 e6 5. Nf3 Nc6 6. Be2 d6 7. 0-0 Be7 8. Bc4 Nb6 9. Bb3 c4 10. Bc2 d5 11. Bf4 Bd7 12. Re1 g5 13. Bg3 g4 14. Nfd2 h5 15. Nf1 Qc7 16. a4 Na5 17. Nbd2 0-0-0 18. b4 Nc6 19. a5 Na8 20. Ba4 f5 21. Bf4 Rdg8 22. Bxc6 Bxc6 23. Qc1 Bf8 24. g3 h4 25. Re2 Qh7 26. Nb1 Nc7 27. Na3 a6 28. Rb2 Rg6 29. Rab1 Ne8 30. b5 Bxa3 31. bxc6 Bxb2 32. Qxb2 Rg7 33. Qb6 hxg3 34. fxg3 bxc6 1-0

[Event "AUS-ch Major"]
[Site "Cammeray"]
[Date "2011.01.02"]
[Round "1"]
[White "Ly, Moulthun"]
[Black "Chen, Vincent"]
[Result "1-0"]
[WhiteElo "2321"]
[BlackElo "1882"]
[PlyCount "47"]
[EventDate "2011.01.02"]
[EventType "swiss"]
[EventRounds "11"]
[EventCountry "AUS"]
[SourceTitle "CBM 140 Extra"]
[Source "ChessBase"]
[SourceDate "2011.03.01"]
[SourceVersion "1"]
[SourceVersionDate "2011.03.01"]
[SourceQuality "1"]

1. c4 c5 2. Nc3 Nc6 3. g3 g6 4. Bg2 Bg7 5. Nf3 e6 6. 0-0 Nge7 7. d3 0-0 8. Bd2 d5 9. cxd5 exd5 10. Qc1 b6 11. Bh6 Be6 12. Bxg7 Kxg7 13. d4 Nxd4 14. Nxd4 cxd4 15. Nb5 Nf5 16. Qd2 Qf6 17. Rac1 Rac8 18. Nxa7 Rxc1 19. Rxc1 Ra8 20. Nc6 Rxa2 21. g4 Nd6 22. g5 Qf5 23. Qxd4+ Kf8 24. Qh8# 1-0

[Event "Sydney op-B"]
[Site "Parramatta"]
[Date "2010.04.09"]
[Round "6"]
[White "Chen, Vincent"]
[Black "Mithran, Mirakla"]
[Result "1/2-1/2"]
[WhiteElo "1872"]
[BlackElo "1584"]
[PlyCount "80"]
[EventDate "2010.04.07"]
[EventType "swiss"]
[EventRounds "9"]
[EventCountry "AUS"]
[SourceTitle "EXT 2012"]
[Source "ChessBase"]
[SourceDate "2011.11.24"]
[SourceVersion "1"]
[SourceVersionDate "2011.11.24"]
[SourceQuality "1"]

1. e4 c5 2. c3 d5 3. exd5 Qxd5 4. d4 Nc6 5. Nf3 Bg4 6. Be2 e6 7. h3 Bh5 8. 0-0 Nf6 9. Be3 cxd4 10. Nxd4 Bxe2 11. Qxe2 Nxd4 12. Bxd4 Be7 13. Nd2 0-0 14. Rfd1 a6 15. Nf3 Qc6 16. Ne5 Qc7 17. Rd3 Bc5 18. Rad1 h6 19. Ng4 Nxg4 20. Qxg4 Bxd4 21. Qxd4 g6 22. Qf6 Qb6 23. R1d2 Qa5 24. a3 Qc7 25. Rd7 Qc6 26. Re7 Rae8 27. Red7 Rc8 28. Re7 Rc7 29. Rxc7 Qxc7 30. Qd4 Qe7 31. Qd7 Re8 32. c4 Kf8 33. Qd4 Kg8 34. Qd7 Kf8 35. Qd4 e5 36. Qe3 Kg7 37. Qe4 Qg5 38. Re2 Qe7 39. f4 Qc5+ 40. Kh1 Rc8 1/2-1/2

[Event "Sydney op-B"]
[Site "Parramatta"]
[Date "2010.04.07"]
[Round "1"]
[White "Ross, William"]
[Black "Chen, Vincent"]
[Result "1/2-1/2"]
[WhiteElo "1345"]
[BlackElo "1872"]
[PlyCount "59"]
[EventDate "2010.04.07"]
[EventType "swiss"]
[EventRounds "9"]
[EventCountry "AUS"]
[SourceTitle "EXT 2012"]
[Source "ChessBase"]
[SourceDate "2011.11.24"]
[SourceVersion "1"]
[SourceVersionDate "2011.11.24"]
[SourceQuality "1"]

1. e4 c5 2. Nc3 e6 3. f4 d5 4. Bb5+ Bd7 5. Bxd7+ Qxd7 6. Nf3 Be7 7. 0-0 dxe4 8. Nxe4 Nf6 9. Nxf6+ Bxf6 10. d3 Nc6 11. Rb1 Rd8 12. Be3 b6 13. a3 0-0 14. Qe1 Rfe8 15. Qg3 e5 16. fxe5 Nxe5 17. Nxe5 Bxe5 18. Qf3 Re6 19. Bd2 f6 20. b3 Rde8 21. Kh1 Qd6 22. h3 Bd4 23. Rfe1 Qe7 24. Rxe6 Qxe6 25. Re1 Qxe1+ 26. Bxe1 Rxe1+ 27. Kh2 Bg1+ 28. Kh1 Bd4+ 29. Kh2 Bg1+ 30. Kh1 1/2-1/2

[Event "AUS-ch Major"]
[Site "Cammeray"]
[Date "2010.01.12"]
[Round "10"]
[White "De Marothy, Maroth"]
[Black "Chen, Vincent"]
[Result "1-0"]
[WhiteElo "1600"]
[BlackElo "1401"]
[PlyCount "37"]
[EventDate "2010.01.02"]
[EventType "swiss"]
[EventRounds "11"]
[EventCountry "AUS"]
[SourceTitle "EXT 2011"]
[Source "ChessBase"]
[SourceDate "2010.11.26"]
[SourceVersion "1"]
[SourceVersionDate "2010.11.26"]
[SourceQuality "1"]

1. e4 c5 2. Nc3 e6 3. f4 d5 4. exd5 exd5 5. Nf3 Nc6 6. Bb5 Nge7 7. Ne5 Bd7 8. Qe2 a6 9. Bxc6 Bxc6 10. 0-0 Qd6 11. d3 g6 12. f5 Bg7 13. Bf4 Qd8 14. Nxf7 Kxf7 15. Qe6+ Ke8 16. f6 Bxf6 17. Qxf6 Kd7 18. Rae1 Nf5 19. Qe6# 1-0

[Event "AUS-ch Major"]
[Site "Cammeray"]
[Date "2010.01.09"]
[Round "7"]
[White "Craven, Mark"]
[Black "Chen, Vincent"]
[Result "1/2-1/2"]
[WhiteElo "1655"]
[BlackElo "1401"]
[PlyCount "36"]
[EventDate "2010.01.02"]
[EventType "swiss"]
[EventRounds "11"]
[EventCountry "AUS"]
[SourceTitle "EXT 2011"]
[Source "ChessBase"]
[SourceDate "2010.11.26"]
[SourceVersion "1"]
[SourceVersionDate "2010.11.26"]
[SourceQuality "1"]

1. e4 c5 2. Nf3 e6 3. b3 Nc6 4. Bb2 d5 5. exd5 exd5 6. d4 Nf6 7. Be2 Be7 8. 0-0 0-0 9. Re1 Bf5 10. a3 cxd4 11. Nxd4 Nxd4 12. Bxd4 Rc8 13. Bd3 Bxd3 14. Qxd3 Bc5 15. c3 Qb6 16. Nd2 Bxd4 17. cxd4 Rfe8 18. Rac1 Qd6 1/2-1/2